[Event "8th LGA Premium Cup"]
[Site "Nuernberg GER"]
[Date "2011.09.11"]
[Round "6.9"]
[White "Zozulia,A"]
[Black "Malakhatko,V"]
[Result "0-1"]
[WhiteElo "2377"]
[BlackElo "2543"]

1.e4 c5 2.Nf3 Nc6 3.Bb5 e6 4.Bxc6 bxc6 5.d3 Ne7 6.Qe2 d5 7.e5 Ng6 8.b3 f6
9.O-O Be7 10.Bb2 O-O 11.Nbd2 f5 12.Rfe1 Nf4 13.Qf1 g5 14.g3 Ng6 15.h3 a5
16.Qe2 a4 17.Nf1 Ra7 18.d4 cxd4 19.Nxd4 Qb6 20.Nf3 c5 21.N1d2 Qc6 22.Rad1 axb3
23.axb3 Ra2 24.Rb1 Bb7 25.b4 cxb4 26.Nb3 d4 27.Nbxd4 Qd5 28.Red1 g4  0-1

[Event "Sorea Open"]
[Site "Stara Lubovna SVK"]
[Date "2011.09.11"]
[Round "7"]
[White "Manik,M"]
[Black "Jelen,P1"]
[Result "1/2-1/2"]
[WhiteElo "2405"]
[BlackElo "2193"]

1.e4 c5 2.Nf3 Nc6 3.Bb5 g6 4.Bxc6 bxc6 5.O-O Bg7 6.Re1 e5 7.c3 Qb6 8.Na3 Ba6
9.d3 Ne7 10.Qc2 O-O 11.Be3 d5 12.b4  1/2-1/2

[Event "ch-Euro Youth b16"]
[Site "Albena BUL"]
[Date "2011.09.12"]
[Round "2.16"]
[White "Kazakos,E"]
[Black "Savitskiy,S"]
[Result "0-1"]
[WhiteElo "2094"]
[BlackElo "2297"]

1.e4 c5 2.Nf3 Nc6 3.Bb5 Nf6 4.e5 Ng4 5.Bxc6 dxc6 6.h3 Nh6 7.d3 Nf5 8.Nc3 g6
9.Bf4 Bg7 10.Ne4 b6 11.O-O h6 12.Re1 O-O 13.c3 g5 14.Bh2 Qd5 15.g4 Nh4 16.Nxh4 gxh4
17.g5 Qe6 18.Qh5 Qg6 19.Qxh4 f5 20.exf6 exf6 21.Qg3 fxg5 22.Nd6 Be6 23.Re3 Kh8
24.a3 Rad8 25.Rae1 Bd5 26.Ne4 Rf5 27.Nd2 Rdf8 28.R1e2 Rf4 29.Re7 R4f7 30.Rxf7 Rxf7
31.Re8+ Kh7 32.Qe3 Qh5 33.Rd8 Qd1+ 34.Nf1 Rf3 35.Qe7 Qxd3 36.Rd7 Qg6 37.Bg3 Rf7
38.Qe8 Rxd7 39.Qxd7 Qe4  0-1

[Event "ch-Euro Youth g18"]
[Site "Albena BUL"]
[Date "2011.09.12"]
[Round "2.10"]
[White "Miladinovic,L"]
[Black "Guliyeva,S"]
[Result "0-1"]
[WhiteElo "2094"]
[BlackElo "2007"]

1.e4 c5 2.Nf3 Nc6 3.Bb5 g6 4.Bxc6 dxc6 5.d3 Bg7 6.h3 e5 7.O-O Ne7 8.Be3 b6
9.a4 O-O 10.a5 Ba6 11.Re1 h6 12.Nc3 f5 13.exf5 gxf5 14.Nxe5 Bxe5 15.Bxh6 Bg7
16.Bxg7 Kxg7 17.Qh5 Ng6 18.Ne2 b5 19.Qf3 Qd5 20.Qe3 Rae8 21.Qd2 f4 22.Nc3 Rxe1+
23.Rxe1 Qf5 24.Ne4 b4 25.d4 Rd8 26.c3 cxd4 27.cxd4 c5 28.Qc1 Rxd4 29.Qxc5 Qxc5
30.Nxc5 Bc4 31.h4 Rd5 32.Ne6+ Kf6 33.Nc7 Re5 34.Rd1 Ke7 35.Rd4 Rc5 36.h5 Ne5
37.Re4 Kd7 38.b3 Bf7 39.Rxb4 Kxc7 40.a6 Bxh5  0-1

[Event "ch-Euro Youth b16"]
[Site "Albena BUL"]
[Date "2011.09.13"]
[Round "3.21"]
[White "Skouvaklis,A"]
[Black "Iskandarov,M"]
[Result "0-1"]
[WhiteElo "2072"]
[BlackElo "2300"]

1.e4 c5 2.Nf3 Nc6 3.Bb5 g6 4.Bxc6 bxc6 5.O-O Bg7 6.h3 Nh6 7.d3 O-O 8.Re1 f5
9.e5 Nf7 10.Na3 d5 11.Bf4 Be6 12.Qc1 h6 13.h4 Kh7 14.Nb1 d4 15.c4 dxc3 16.Qxc3 Bd5
17.Nbd2 e6 18.Be3 g5 19.Bxc5 Rg8 20.Qa3 g4 21.Be7 Bf8 22.Bxd8 Bxa3 23.bxa3 gxf3
24.Bf6 Rxg2+ 25.Kh1 Rxf2 26.Rg1 Rg8 27.Rxg8 Kxg8 28.Nc4 Rxa2 29.Rf1 Re2 30.Nd6 Nxe5
31.Rg1+ Ng4 32.Ne4 Rh2+  0-1

[Event "2nd Livigno Open A"]
[Site "Livigno ITA"]
[Date "2011.09.13"]
[Round "2.25"]
[White "Veznik,Michael"]
[Black "Xia,J"]
[Result "0-1"]
[WhiteElo "1830"]
[BlackElo "2249"]

1.e4 c5 2.Nf3 Nc6 3.Bb5 g6 4.Bxc6 dxc6 5.O-O Bg7 6.e5 Bg4 7.Re1 Nh6 8.h3 Bxf3
9.Qxf3 Nf5 10.c3 Qd5 11.Qe4 e6 12.a4 O-O 13.Na3 Rfd8 14.Nc2 h5 15.b4 cxb4
16.Nxb4 Qxe4 17.Rxe4 c5 18.Nc2 Bh6 19.g4 hxg4 20.hxg4 Nh4 21.d4 Bxc1 22.Rxc1 Rac8
23.Rb1 Nf3+ 24.Kg2 Nd2 25.Ree1 Nxb1 26.Rxb1 cxd4 27.Nxd4 Rxc3 28.Nb5 Rc4
29.Nd6 Rxg4+ 30.Kf3 Rxa4 31.Rxb7 g5 32.Nxf7 Rf4+  0-1

[Event "ch-Nordic Senior"]
[Site "Reykjavik ISL"]
[Date "2011.09.13"]
[Round "4.11"]
[White "Malmdin,N"]
[Black "Lyly,S"]
[Result "1-0"]
[WhiteElo "2307"]
[BlackElo "1937"]

1.e4 c5 2.Nf3 Nc6 3.Bb5 g6 4.O-O Bg7 5.c3 Nf6 6.Qa4 O-O 7.e5 Nd5 8.Re1 Nc7
9.d4 Nxb5 10.Qxb5 cxd4 11.cxd4 d5 12.Nc3 e6 13.Be3 a6 14.Qe2 b5 15.Qd2 Qb6
16.Rad1 Bd7 17.Bh6 Rfc8 18.h4 Ne7 19.Bg5 Kf8 20.h5 Ng8 21.h6 Bh8 22.Bh4 f6
23.exf6 Be8 24.Ng5 Rc6 25.Nxh7+ Kf7 26.Ng5+ Kf8 27.Nxd5 exd5 28.Qb4+ Rd6
29.Bg3  1-0

[Event "ch-Nordic Senior"]
[Site "Reykjavik ISL"]
[Date "2011.09.13"]
[Round "4.4"]
[White "Westerinen,H"]
[Black "Kristjansson,O"]
[Result "1/2-1/2"]
[WhiteElo "2340"]
[BlackElo "2173"]

1.e4 c5 2.Nf3 Nc6 3.Bb5 e6 4.Bxc6 bxc6 5.O-O Ne7 6.e5 Ng6 7.d3 Be7 8.Nbd2 O-O
9.Re1 f6 10.exf6 Bxf6 11.Ne4 d5 12.Nxc5 e5 13.h3 Nh4 14.Nxh4 Bxh4 15.g3 Be7
16.Nb3 Bxh3 17.Rxe5 Bd6 18.Re1 Qd7 19.Be3 Bg4 20.Qd2 Bf3 21.Nd4 Qh3 22.Nxf3 Rxf3
23.Qe2 Bxg3 24.Qxf3 Bh2+ 25.Kh1 Qxf3+ 26.Kxh2 Rf8 27.Bc5 Qh5+ 28.Kg2 Qg6+
29.Kf1 Rf5 30.Re7 h5 31.Rae1 Qg4 32.Rxa7 Qh3+ 33.Ke2 Re5+ 34.Kd2 Rxe1 35.Kxe1 Qe6+
36.Kf1 Qg4 37.c3 h4 38.Bd4 g6 39.Ra8+ Kf7 40.Ra7+ Ke8 41.Ra8+ Kd7 42.Ra7+ Kc8
43.Ra8+ Kb7 44.Ra7+ Kb8 45.Rh7 Qd1+ 46.Kg2 Qg4+ 47.Kh2 Qf4+ 48.Kg2 Qg4+ 49.Kh2 Qf4+  1/2-1/2

[Event "5th ch-Euro IBCA"]
[Site "Rhodes GRE"]
[Date "2011.09.13"]
[Round "7.21"]
[White "Muri,E"]
[Black "Wikman,B"]
[Result "1/2-1/2"]
[WhiteElo "2028"]
[BlackElo "1911"]

1.e4 c5 2.Nf3 Nc6 3.Bb5 d6 4.c3 Bg4 5.O-O Nf6 6.Re1 a6 7.Bxc6+ bxc6 8.d3 Nd7
9.h3 Bxf3 10.Qxf3 e6 11.Nd2 Be7 12.Qe2 O-O 13.Nf3 Bf6 14.Bf4 e5 15.Bg3 Re8
16.Nh2 Bh4 17.Nf1 Re6 18.Bxh4 Qxh4 19.Qg4 Qh6 20.Ng3 Nf6 21.Qf3 Nd7 22.Nf5 Qg5
23.Qg4 Qxg4 24.hxg4 h6 25.Ng3 d5 26.f3 Rb8 27.b3 Nb6 28.c4 d4  1/2-1/2

[Event "ch-Euro Youth b18"]
[Site "Albena BUL"]
[Date "2011.09.14"]
[Round "4.5"]
[White "Ter Sahakyan,S"]
[Black "Dragomirescu,R"]
[Result "1-0"]
[WhiteElo "2566"]
[BlackElo "2353"]

1.e4 c5 2.Nf3 Nc6 3.Bb5 g6 4.Bxc6 dxc6 5.h3 Nf6 6.d3 Bg7 7.Nc3 O-O 8.Be3 b6
9.Qd2 e5 10.Bh6 Qd6 11.O-O-O a5 12.Nh2 a4 13.Ng4 Nh5 14.Bxg7 Kxg7 15.Ne2 f6
16.g3 Be6 17.Kb1 Rae8 18.f4 Kh8 19.Rhf1 Ng7 20.Rf2 Bxg4 21.hxg4 Ne6 22.Qe3 Kg8
23.Rh1 Re7 24.Rfh2 Rg7 25.Rh6 Nd4 26.Nc3 a3 27.b3 b5 28.Nd1 c4 29.dxc4 bxc4
30.Qc3 cxb3 31.axb3 Nb5 32.Qc4+ Kh8 33.Nc3 a2+ 34.Ka1 Na3 35.Qd3 Qxd3 36.cxd3 Nc2+
37.Kxa2 Nb4+ 38.Kb1 exf4 39.gxf4 Nxd3 40.Rf1 Rb7 41.Kc2 Nb4+ 42.Kb2 Rd8 43.Rh2 Nd3+
44.Kc2 Nc5 45.f5 g5 46.e5 fxe5 47.f6 Nxb3 48.Ne4 Nd4+ 49.Kc3 Ne6 50.Rf5 Rdb8
51.Nd2 Rb5 52.Rh6 Rc5+ 53.Nc4 Nc7 54.Rxe5 Rxe5 55.Nxe5 Ne6 56.Kd3 c5 57.Ke4 Nf8
58.Rh5 Re8 59.Kf5 Rc8 60.Rxg5 Rc7 61.f7 Ng6 62.Rxg6  1-0

[Event "ch-Euro Youth b14"]
[Site "Albena BUL"]
[Date "2011.09.15"]
[Round "5.6"]
[White "Martins,Dav"]
[Black "Bellahcene,B"]
[Result "1/2-1/2"]
[WhiteElo "2077"]
[BlackElo "2286"]

1.e4 c5 2.Nf3 Nc6 3.Bb5 d6 4.d4 cxd4 5.Qxd4 Qa5+ 6.Nc3 Qxb5 7.Nxb5 Nxd4 8.Nfxd4 Kd8
9.c4 Nf6 10.f3 a6 11.Nc3 e6 12.Be3 Be7 13.Rc1 Bd7 14.a4 Rc8 15.b3 Kc7 16.Nc2 Kb8
17.Ke2 h5 18.Rhd1 Rhf8 19.Bf4 Ne8 20.Rd3 g5 21.Be3 Bc6 22.Bb6 Nc7 23.Rcd1 Rg8
24.Ne3 g4 25.Ba5 gxf3+ 26.gxf3 Ne8 27.Bb4 Bf6 28.Na2 Be5 29.Bc3 Bxh2 30.Rh1 Be5
31.Rxh5 Bxc3 32.Nxc3 Kc7 33.Rd1 Nf6 34.Rh6 Rg6 35.Rxg6 fxg6 36.Rg1 Rg8 37.Ng4 Nd7
38.a5 Rh8 39.Nf2 Rh6 40.Rh1 Rxh1 41.Nxh1 b6 42.axb6+ Kxb6 43.Nf2 a5 44.Nd3 Nc5
45.Nc1 e5 46.Kd2 Ne6 47.N3a2 Nc5 48.Kc3 Bd7 49.Ne2 Na6 50.Ng1 Nc5 51.b4 Ne6
52.bxa5+ Kxa5 53.Nb4 Nf4 54.Nd5 Nxd5+ 55.cxd5 Kb5 56.Kb3 Kc5 57.Kc3 Bc8 58.Kd3 Bd7  1/2-1/2

[Event "10th Istanbul Open A"]
[Site "Istanbul TUR"]
[Date "2011.09.15"]
[Round "5"]
[White "Primbetov,K"]
[Black "Baglan,E"]
[Result "1-0"]
[WhiteElo "2214"]
[BlackElo "1873"]

1.e4 c5 2.Nf3 Nc6 3.Bb5 g6 4.O-O Bg7 5.c3 Nf6 6.Qe2 O-O 7.Rd1 Qc7 8.Ba4 e5
9.d3 Re8 10.Bg5 b6 11.Nbd2 Nh5 12.a3 h6 13.Be3 Nf4 14.Qf1 Ba6 15.Bc2 Rad8
16.c4 Ne6 17.Rdb1 f5 18.b4 f4 19.b5 fxe3 20.fxe3 Bc8 21.bxc6 dxc6 22.a4 h5
23.a5 Bh6 24.Qe2 Rf8 25.axb6 axb6 26.Ra2 Ng5 27.Rab2 Bg4 28.Rxb6 Rb8 29.Rxb8 Rxb8
30.Rxb8+ Qxb8 31.Ba4 Qa8 32.Bd1 Qa1 33.Kf2 Nxf3 34.gxf3 Bh3 35.Kg3 Be6 36.Nb3 Qa7
37.Kf2 Qe7 38.Ke1 h4 39.Kd2 h3 40.Qf2 Kh7 41.Qg3 Bc8 42.Ke2 Bg5 43.f4 Bh4
44.Qf3 exf4 45.exf4 Qg7 46.Nd2 Qd4 47.Qf1 Bg4+ 48.Nf3 Qb2+ 49.Ke3 Qc1+ 50.Ke2 Qxf4
51.Qh1 Bxf3+ 52.Qxf3 Qxh2+ 53.Kf1 Kg7 54.Be2 Bf6 55.e5 Bxe5 56.Qe4 Qg3 57.Bf3 h2
58.Ke2 Bc3 59.Qe7+ Kg8 60.Qe8+ Kh7 61.Qe7+ Bg7 62.Qe4 Qg1 63.Qh4+ Kg8 64.Bxc6 g5
65.Bd5+ Kf8 66.Qh5 Ke7 67.Qf7+ Kd6 68.Qg6+ Ke5 69.Qxg7+ Kf4 70.Qf6+ Kg4 71.Bf3+ Kh4
72.Qh6+  1-0

[Event "10th Istanbul Open A"]
[Site "Istanbul TUR"]
[Date "2011.09.15"]
[Round "5"]
[White "Duman,A"]
[Black "Satici,Ayd"]
[Result "1-0"]
[WhiteElo "2204"]
[BlackElo "1854"]

1.e4 c5 2.Nf3 Nc6 3.Bb5 g6 4.O-O Bg7 5.c3 e5 6.Na3 Nge7 7.d4 cxd4 8.cxd4 exd4
9.Nc4 d5 10.exd5 Qxd5 11.Bf4 O-O 12.Nd6 Nf5 13.Bc4 Qa5 14.Nxf7 Rxf7 15.Bxf7+ Kxf7
16.Qb3+ Kf8 17.Ng5 Nd8 18.Rac1 Qb6 19.Nxh7+ Ke8 20.Qg8+ Kd7 21.Rfe1 Ne6 22.Rxe6 Qxe6
23.Rc7+  1-0

[Event "2nd Zlatni Rat Open"]
[Site "Bol CRO"]
[Date "2011.09.16"]
[Round "8.20"]
[White "Mittelsteiner,H"]
[Black "Barac,J"]
[Result "1/2-1/2"]
[WhiteElo "1901"]
[BlackElo "1677"]

1.e4 c5 2.Nf3 Nc6 3.Bb5 Nd4 4.a4 g6 5.O-O Bg7 6.c3 Nxb5 7.axb5 a5 8.Na3 d5
9.exd5 Qxd5 10.h3 e5 11.Re1 Be6 12.Qe2  1/2-1/2

[Event "4th Mumbai Mayors Cup"]
[Site "Mumbai IND"]
[Date "2011.09.16"]
[Round "1"]
[White "Chadaev,N"]
[Black "Menhajul,H"]
[Result "1-0"]
[WhiteElo "2564"]
[BlackElo "1879"]

1.e4 c5 2.Nf3 Nc6 3.Bb5 g6 4.Bxc6 bxc6 5.O-O Bg7 6.Re1 e5 7.c3 Qb6 8.d4 cxd4
9.cxd4 exd4 10.e5 Ne7 11.Nxd4 O-O 12.Nc3 Re8 13.Nf3 Nf5 14.Bg5 Qxb2 15.Ne4 d5
16.exd6 Bd7 17.Rb1 Qa3 18.Rb7 Rxe4 19.Rxe4 Nxd6 20.Re3  1-0

[Event "ch-Euro Youth g18"]
[Site "Albena BUL"]
[Date "2011.09.17"]
[Round "6.26"]
[White "Pritchard,A"]
[Black "Panic,A"]
[Result "0-1"]
[WhiteElo "1552"]
[BlackElo "1875"]

1.e4 c5 2.Nf3 Nc6 3.Bb5 g6 4.O-O Bg7 5.c3 Nf6 6.Re1 O-O 7.d4 cxd4 8.cxd4 d6
9.h3 Bd7 10.Nc3 a6 11.Ba4 b5 12.Bb3 h6 13.a3 e5 14.Be3 Bc8 15.Qd2 g5 16.Rad1 Bb7
17.dxe5 dxe5 18.Bc5 Qxd2 19.Rxd2 Rfd8 20.Red1 Rxd2 21.Rxd2 Na5 22.Bd5 Bxd5
23.Nxd5 Nxe4 24.Rc2 Nxc5 25.Rxc5 e4 26.Nd2 Bxb2 27.a4 Bd4 28.Rc7 Rd8 29.Ne7+ Kf8
30.Nc6 Bb6 31.Nxd8 Bxc7 32.Nxf7 Kxf7 33.axb5 axb5 34.Nxe4 b4 35.Nc5 b3 36.Nxb3 Nxb3
37.g3 Kf6 38.Kg2 Kf5 39.h4 gxh4 40.gxh4 Kg4 41.Kf1 Kxh4 42.Kg2 Bf4 43.Kh1 Nd2
44.Kg2 Kg4 45.Kh1 h5 46.Kg2 h4 47.Kh1 Kf3 48.Kg1 Ne4 49.Kf1 h3  0-1

[Event "2nd Livigno Open A"]
[Site "Livigno ITA"]
[Date "2011.09.17"]
[Round "8.25"]
[White "Zamengo,F"]
[Black "Andersson,Thorbjorn"]
[Result "1-0"]
[WhiteElo "2002"]
[BlackElo "2055"]

1.e4 c5 2.Nf3 Nc6 3.Bb5 g6 4.O-O Bg7 5.Re1 Nf6 6.c3 O-O 7.d4 cxd4 8.cxd4 d5
9.e5 Ne4 10.Nc3 Nxc3 11.bxc3 a6 12.Bd3 Bg4 13.h3 Bxf3 14.Qxf3 e6 15.Qg4 Qa5
16.Bd2 h5 17.Qe2 Qd8 18.g4 Qh4 19.Kg2 f5 20.exf6 Bxf6 21.f4 Kg7 22.g5 Bd8
23.Qxe6 Ne7 24.Rf1 Nf5 25.Bxf5 Rxf5 26.Be1 Rxg5+ 27.Kh2 Qxh3+ 28.Kxh3 Rg4
29.Qd7+  1-0

[Event "31st Munich OIS A"]
[Site "Munich GER"]
[Date "2011.09.17"]
[Round "1.8"]
[White "Singer,C"]
[Black "Budai,Z"]
[Result "1-0"]
[WhiteElo "2362"]
[BlackElo "1975"]

1.e4 c5 2.Nf3 Nc6 3.Bb5 g6 4.Bxc6 dxc6 5.d3 Bg7 6.h3 Nf6 7.O-O Nd7 8.Nc3 e5
9.Be3 Qe7 10.Qd2 Nf8 11.Bh6 f6 12.Ne2 g5 13.Bxg7 Qxg7 14.Nh2 h5 15.c3 Be6
16.Qe3 b6 17.a4 Ng6 18.a5 Kf7 19.b4 Nf4 20.axb6 axb6 21.bxc5 b5 22.Rfd1 Qh6
23.d4 g4 24.h4 g3 25.Nxg3 Rhg8 26.Kh1 Bb3 27.Rdb1 Ba4 28.Nf5 Qg6 29.g3 Ke6
30.Qf3 Bc2 31.gxf4 Bxb1 32.Rxb1 Ra3 33.d5+ cxd5 34.exd5+ Kxf5 35.fxe5+ Kxe5
36.Re1+  1-0

[Event "ch-Euro Youth g18"]
[Site "Albena BUL"]
[Date "2011.09.18"]
[Round "7.1"]
[White "Baciu,D"]
[Black "Khalafova,N"]
[Result "1/2-1/2"]
[WhiteElo "2166"]
[BlackElo "2085"]

1.e4 c5 2.Nf3 Nc6 3.Bb5 e6 4.Bxc6 bxc6 5.d3 Ne7 6.O-O Ng6 7.Ng5 f6 8.Nh3 Be7
9.f4 f5 10.e5 O-O 11.b3 d6 12.Bb2 dxe5 13.fxe5 c4 14.dxc4 Qb6+ 15.Kh1 c5
16.Nd2 Bb7 17.Nf3 Qc6 18.Qe2 f4 19.Nf2 Rf5 20.Nd3 Raf8 21.Rad1 Rh5 22.Rd2 Nh4
23.Nxh4 Rxh4 24.Ne1 g5 25.Qd3 Rd8 26.Qe2 Rf8 27.Qd3 Rd8 28.Qe2 Rf8  1/2-1/2

[Event "ch-Euro Youth b18"]
[Site "Albena BUL"]
[Date "2011.09.18"]
[Round "7.8"]
[White "Vardanian,HaiG"]
[Black "Pavlidis,Ant"]
[Result "1-0"]
[WhiteElo "2325"]
[BlackElo "2427"]

1.e4 c5 2.Nf3 Nc6 3.Bb5 Qc7 4.O-O Nf6 5.Re1 a6 6.Bxc6 dxc6 7.e5 Nd5 8.h3 Bf5
9.d3 O-O-O 10.Qe2 e6 11.Nc3 h6 12.Nd2 g5 13.Nc4 b5 14.Nxd5 cxd5 15.Nd2 h5
16.a4 b4 17.c3 bxc3 18.bxc3 Be7 19.c4 dxc4 20.Nxc4 Bxd3 21.Nd6+ Bxd6 22.Qxd3 Bxe5
23.Qxa6+ Kd7 24.Rb1 Rb8 25.Bxg5 Bd4 26.a5 Qc6 27.Qa7+ Qc7 28.Qxc7+ Kxc7 29.Bf4+ e5
30.Rxb8 Kxb8 31.Bxe5+ Bxe5 32.Rxe5 Rc8 33.Kf1 Kb7 34.Rxh5 Ka6 35.Rf5 Kxa5
36.Rxf7 c4 37.Ke2 Kb4 38.Kd2 Rd8+ 39.Kc2 Re8 40.Rb7+ Kc5 41.Kc3 Re1 42.Rc7+ Kd5
43.h4 Rf1 44.f3 Ra1 45.h5 Ra3+ 46.Kb2 Re3 47.Rd7+ Kc5 48.Kc2 Ra3 49.Rg7 Ra2+
50.Kc3 Ra3+ 51.Kd2 Kd4 52.Rg4+ Kd5  1-0

[Event "TCh-Central Serbia 2011"]
[Site "Kraljevo SRB"]
[Date "2011.09.18"]
[Round "2"]
[White "Vratonjic,S"]
[Black "Mista,A"]
[Result "0-1"]
[WhiteElo "2396"]
[BlackElo "2561"]

1.e4 c5 2.Nf3 Nc6 3.Bb5 d6 4.O-O Bd7 5.c3 Nf6 6.Re1 a6 7.Ba4 b5 8.Bc2 Bg4
9.h3 Bxf3 10.Qxf3 g6 11.d3 Bg7 12.Qe2 O-O 13.Nd2 Nd7 14.Nf3 b4 15.Ba4 Qc7
16.Bxc6 Qxc6 17.cxb4 cxb4 18.Be3 Rfc8 19.Rac1 Qb7 20.Qd2 a5 21.Rxc8+ Rxc8
22.Rc1 Rxc1+ 23.Qxc1 d5 24.Qc2 e6 25.Bd4 e5 26.Be3 h6 27.Qa4 Kh7 28.Qxa5 dxe4
29.dxe4 Qxe4 30.Qc7 Qd5 31.Nd2 f5 32.Qc4 Qd6 33.Qc2 e4 34.g4 Ne5 35.Qc5 Qxc5
36.Bxc5 Nd3 37.Bd6 Bxb2 38.Kf1 Bd4 39.gxf5 gxf5 40.f3 Bc3 41.Nb3 exf3 42.a3 bxa3
43.Bxa3 Kg6 44.Nc5 Nf4 45.Kf2 Nxh3+ 46.Kxf3 Ng5+ 47.Ke3 Ba5 48.Nd7 Bc7 49.Bc1 f4+
50.Ke2 Kf5 51.Kf2 h5 52.Kg2 h4 53.Nc5 f3+ 54.Kh1 Ne4 55.Nxe4 Kxe4 56.Bg5 Bg3  0-1

[Event "ch-Euro Youth g18"]
[Site "Albena BUL"]
[Date "2011.09.19"]
[Round "8.18"]
[White "Narva,T"]
[Black "Krumova,A"]
[Result "1/2-1/2"]
[WhiteElo "2006"]
[BlackElo "1962"]

1.e4 c5 2.Nf3 Nc6 3.Bb5 Nf6 4.e5 Ng4 5.Bxc6 dxc6 6.h3 Nh6 7.O-O g6 8.d3 Bg7
9.Be3 b6 10.Re1 Nf5 11.Bf4 O-O 12.c3 f6 13.Qb3+ Qd5 14.Nbd2 Ba6 15.g4 Nh6
16.exf6 exf6 17.Qxd5+ cxd5 18.d4 Nf7 19.dxc5 bxc5 20.Nb3 Rac8 21.Re7 Rfe8
22.Rxe8+ Rxe8 23.Nxc5 Bc8 24.Rd1 h5 25.gxh5 gxh5 26.Rxd5 Bxh3 27.Nd4 Ne5
28.Bxe5 fxe5 29.Nc6 Bf6 30.Ne4 Bg7 31.Nxa7 Be6 32.Ra5 Rd8 33.a4 Rd1+ 34.Kg2 h4
35.Ng5 Bd5+ 36.Rxd5 Rxd5 37.b4 Rd3 38.Nb5 Bh6 39.Nh3 Bd2 40.a5 Bxc3 41.a6 Bxb4
42.a7 Rd8 43.Nc7 Bc5  1/2-1/2

[Event "TCh-Central Serbia 2011"]
[Site "Kraljevo SRB"]
[Date "2011.09.19"]
[Round "4"]
[White "Vratonjic,S"]
[Black "Misailovic,N"]
[Result "1-0"]
[WhiteElo "2396"]
[BlackElo "2301"]

1.e4 c5 2.Nf3 Nc6 3.Bb5 g6 4.O-O Bg7 5.Re1 e5 6.Bxc6 dxc6 7.d3 Ne7 8.Be3 b6
9.a4 a5 10.Nbd2 O-O 11.Nc4 f6 12.b4 axb4 13.a5 bxa5 14.Bxc5 Ra6 15.Rxa5 Rxa5
16.Bb6 Qd7 17.Nxa5 g5 18.Bc5 Ng6 19.Nc4 Nf4 20.Ne3 b3 21.Bxf8 Bxf8 22.cxb3 Bb4
23.Rf1 Ba6 24.Qa1 Qb7 25.Rd1 Bxd3 26.Rxd3 Nxd3 27.Qd1 Qa6 28.h4 Bc3 29.hxg5 Qa1
30.Qxa1 Bxa1 31.gxf6 Kf7 32.Ng4 Bc3 33.Ng5+ Kg6 34.f7 Bb4 35.Ne6 Kxf7 36.Nd8+ Kg6
37.Nxc6 Bc3 38.f3 Kf7 39.Ne3 Ke6 40.Nd5 Bb2 41.Kf1 Kd6 42.Na5 Bd4 43.Ke2 Nc5
44.b4 Ne6 45.g3 Ng5 46.b5 Kc5 47.b6 Kb5 48.b7 Ba7 49.Nb3 Kc6 50.Nd2 Kxb7
51.f4 exf4 52.gxf4 Ne6 53.Kf3 Kc6 54.Nf6 Bb8 55.f5 Ng5+ 56.Kg4 h6 57.Nf3 Nf7
58.Kh5 Bf4 59.Kg6 Nd8 60.Ng4 Nb7 61.f6 h5 62.Kxh5 Kd7 63.Kg6 Nc5 64.e5 Ke6
65.f7 Nd7 66.Nd4+ Ke7 67.e6 Nf8+ 68.Kg7 Bd6 69.Nf5+  1-0

[Event "Caissa GM Sept 2011"]
[Site "Kecskemet HUN"]
[Date "2011.09.21"]
[Round "5.5"]
[White "Estrada Nieto,J"]
[Black "Brown,An"]
[Result "1-0"]
[WhiteElo "2285"]
[BlackElo "2216"]

1.e4 c5 2.Nf3 Nc6 3.Bb5 g6 4.O-O Bg7 5.c3 Nf6 6.Re1 O-O 7.e5 Nd5 8.d4 Nc7
9.Ba4 b5 10.Bc2 cxd4 11.cxd4 d5 12.h3 a5 13.Nc3 b4 14.Ne2 Ne6 15.Nf4 Nxf4
16.Bxf4 Qb6 17.Qd2 Ba6 18.Rad1 Bc4 19.Bb1 a4 20.Bh6 Nd8 21.Qf4 Ne6 22.Qh4 Bxh6
23.Qxh6 Rfb8 24.Re3 Ra7 25.h4 Qd8 26.Ng5 Nxg5 27.hxg5 Qf8 28.Qh4 Rc7 29.f4 e6
30.g4 Bxa2 31.Bxa2 Rc2 32.f5 Rxb2 33.Rh3 h6 34.Bb1 a3 35.gxh6 Qd8 36.Qxd8+ Rxd8
37.fxg6 fxg6 38.Rf1 b3 39.Bxg6 a2 40.g5 Rf2 41.Kxf2 Rf8+ 42.Rf3 Rxf3+ 43.Kxf3 b2
44.Kg4 a1=Q 45.h7+ Kg7 46.Rf7+ Kxg6 47.h8=N+  1-0

[Event "4th Mumbai Mayors Cup"]
[Site "Mumbai IND"]
[Date "2011.09.24"]
[Round "11"]
[White "Dzhumaev,M"]
[Black "Priyadharshan,K"]
[Result "1-0"]
[WhiteElo "2492"]
[BlackElo "2376"]

1.e4 c5 2.Nf3 Nc6 3.Bb5 Nf6 4.Nc3 Qc7 5.O-O Nd4 6.Re1 a6 7.Bf1 Ng4 8.g3 Nxf3+
9.Qxf3 Ne5 10.Qe3 e6 11.b3 d6 12.Bb2 Be7 13.Bg2 b5 14.f4 Nc6 15.Ne2 O-O 16.g4 Bb7
17.g5 Rfd8 18.f5 exf5 19.exf5 d5 20.Bxg7 Kxg7 21.f6+ Kh8 22.fxe7 Qxe7 23.Qxe7 Nxe7
24.Nf4 Rd7 25.Nd3 c4 26.Ne5 Rc7 27.Nxf7+ Kg8 28.Nd6 Bc6 29.Re6 Rd8 30.Rf1 d4
31.Nf7 Bxg2 32.Kxg2 Rf8 33.Ref6 Kg7 34.Ne5 Rd8 35.Rf7+ Kg8 36.Ng4 d3 37.cxd3 cxd3
38.Nh6+ Kh8 39.Re1 Rc5 40.Rexe7 Rxg5+ 41.Kf3  1-0

[Event "Campomanes Mem GM"]
[Site "Yangon MYA"]
[Date "2011.09.24"]
[Round "4"]
[White "Mok Tze Meng"]
[Black "Htun Htun Than"]
[Result "1-0"]
[WhiteElo "2363"]
[BlackElo "2363"]

1.e4 c5 2.Nf3 Nc6 3.Bb5 g6 4.Bxc6 dxc6 5.O-O Bg7 6.d3 Nf6 7.Nc3 Nd7 8.Be3 e5
9.a3 O-O 10.b4 Qe7 11.b5 Re8 12.bxc6 bxc6 13.Na4 c4 14.dxc4 Ba6 15.Nd2 Qd8
16.Nb2 Nf8 17.Nd3 Ne6 18.Rb1 Qc7 19.Nb4 Bc8 20.Qc1 Bf8 21.Nd3 f6 22.Qb2 Rd8
23.Qc3 c5 24.Rfe1 Bd7 25.Nf1 Bc6 26.f3 Rd7 27.Bc1 Rad8 28.Ne3 Nd4 29.Nd5 Qd6
30.Nf2 Ba4 31.Rb2 Bg7 32.Qa5 Bc6 33.c3 Ne6 34.Be3 Kf7 35.Rd1 Ba8 36.Rb5 Bf8
37.Nd3 Rc8 38.Rf1 Qc6 39.f4 exf4 40.Bxf4 Kg7 41.Bb8 Be7 42.Bxa7 Ng5 43.Rb6  1-0

[Event "Tatry Open"]
[Site "Tatranske Zruby SVK"]
[Date "2011.09.25"]
[Round "1.15"]
[White "Polacik,I"]
[Black "Kernazhitsky,L"]
[Result "0-1"]
[WhiteElo "2165"]
[BlackElo "2308"]

1.e4 c5 2.Nf3 Nc6 3.Bb5 g6 4.O-O Bg7 5.Re1 Nf6 6.c3 O-O 7.h3 e5 8.Na3 d6
9.d4 cxd4 10.cxd4 exd4 11.Nxd4 Nxd4 12.Qxd4 a6 13.Bf1 b5 14.f3 Be6 15.Qf2 d5
16.e5 Nd7 17.f4 f6 18.exf6 Qxf6 19.Nc2 Bf5 20.a4 bxa4 21.Rxa4 Qc6 22.Rxa6 Qxc2
23.Qxc2 Bxc2 24.Rd6 Nf6 25.g4 Rfd8 26.Rc6 Ba4 27.Rc7 Rd7 28.Rxd7 Nxd7 29.Bg2 Bb3
30.Kh2 Ra1  0-1

[Event "Tatry Open"]
[Site "Tatranske Zruby SVK"]
[Date "2011.09.25"]
[Round "1.24"]
[White "Privara,I"]
[Black "Vanka,M"]
[Result "1/2-1/2"]
[WhiteElo "2264"]
[BlackElo "2113"]

1.e4 c5 2.Nf3 Nc6 3.Bb5 g6 4.O-O Bg7 5.c3 e5 6.d4 cxd4 7.cxd4 exd4 8.Bf4 Nge7
9.Qd2 Qa5 10.Qxa5 Nxa5 11.Rd1 a6 12.Ba4 b5 13.Bb3 Nxb3 14.axb3 Bb7 15.Nxd4 O-O
16.Nc3 Rfe8 17.b4 Nc6 18.Nxc6 Bxc6 19.f3 Re6  1/2-1/2

[Event "Arab Elite Championship 2011"]
[Site "Dubai UAE"]
[Date "2011.09.26"]
[Round "2"]
[White "Yaaqoub,R"]
[Black "Daouda,Sabar Ousmane"]
[Result "1-0"]
[WhiteElo "2102"]
[BlackElo "2097"]

1.e4 c5 2.Nf3 Nc6 3.Bb5 Qc7 4.O-O a6 5.Bxc6 Qxc6 6.Nc3 d6 7.h3 e6 8.d4 Nf6
9.Re1 cxd4 10.Nxd4 Qc4 11.Nf3 Be7 12.Bf4 e5 13.Bg5 Be6 14.Qe2 Rc8 15.Rad1 Qb4
16.Bc1 O-O 17.Nd2 Kh8 18.Nf1 Rfd8 19.Ne3 Bf8 20.Qf3 Kg8 21.Nf5 Rd7 22.g4 b5
23.a3 Qc4 24.Bg5 Ne8 25.Ne3 Qc6 26.Ned5 Nc7 27.Be3 Bxd5 28.exd5 Qb7 29.Ne4 Ne8
30.c3 g6 31.g5 f5 32.gxf6 Rf7 33.Kh2 Bg7 34.Bg5 h6 35.Qg3 hxg5 36.fxg7 Rxg7
37.Qxg5 Qf7 38.Re3 Nc7 39.Nf6+ Kf8 40.Rf3 Qe7 41.Qh6  1-0

[Event "Campomanes Mem GM"]
[Site "Yangon MYA"]
[Date "2011.09.26"]
[Round "9"]
[White "Goh Weiming"]
[Black "Mynn Htoo"]
[Result "0-1"]
[WhiteElo "2449"]
[BlackElo "2327"]

1.e4 c5 2.Nf3 Nc6 3.Bb5 Na5 4.O-O a6 5.Be2 d6 6.d4 cxd4 7.Qxd4 e5 8.Qe3 Qc7
9.c4 Nf6 10.b3 Be7 11.Nc3 O-O 12.Bb2 Nc6 13.h3 Nd8 14.Rac1 Qb8 15.Rfd1 Ne6
16.Bf1 Bd7 17.a4 Nc5 18.Nd2 a5 19.Ba3 b6 20.Nb5 Bc6 21.Bd3 Qb7 22.Bc2 Nh5
23.Kh2 h6 24.Nf3 Rfd8 25.Nc3 Qc8 26.Nd5 Bxd5 27.cxd5 Nf4 28.Bd3 g5 29.Bf1 f5
30.exf5 Qxf5 31.g3 Ng6 32.Bxc5 bxc5 33.Nd2 Rab8 34.Nc4 Rf8 35.Rd2 Rb4 36.Bd3 Qf7
37.Be4 Kg7 38.Rc3 g4 39.h4 Nxh4 40.gxh4 Qh5 41.Kg1 Bxh4 42.Re2 Rf6 43.Bc2 Rb7
44.Qe4 Kf8 45.Qg2 Rbf7 46.Ne3 Bxf2+ 47.Rxf2 Rxf2 48.Qxf2 Rxf2 49.Kxf2 Qh4+
50.Ke2 Qh2+ 51.Kd1 Qg1+ 52.Ke2 g3 53.Be4 Qf2+ 54.Kd3 Qb2 55.Nc2 h5 56.Kd2 h4
57.Bg2 Kg7 58.Rf3 Kg6 59.Bh3 Qb1 60.Bf1 Kg5 61.Bg2 Kh5 62.Rf5+ Kg6 63.Rf3 Kg5
64.Bh3 Qh1  0-1

[Event "ch-HUN w 2011"]
[Site "Szeged HUN"]
[Date "2011.09.27"]
[Round "1"]
[White "Rudolf,An"]
[Black "Domany,Z"]
[Result "1-0"]
[WhiteElo "2359"]
[BlackElo "2215"]

1.e4 c5 2.Nf3 Nc6 3.Bb5 a6 4.Bxc6 dxc6 5.O-O Nf6 6.d3 Qc7 7.Nc3 e5 8.Nh4 Be7
9.f4 Bd6 10.Nf3 Bg4 11.f5 h6 12.Be3 O-O-O 13.h3 Bxf3 14.Qxf3 Nd7 15.Qf2 g5
16.g3 Rdg8 17.a3 Qd8 18.Kg2 Qf8 19.Rfb1 h5 20.Na4 h4 21.g4 b5 22.Nc3 Kb7
23.Na2 Bc7 24.b4 Bb6 25.Nc1 cxb4 26.axb4 Qd8 27.Bc5 Qc7 28.Nb3 Bxc5 29.bxc5 Ra8
30.Ra5 Kc8 31.Qd2 Rg8 32.Rba1 Qb7 33.Qb4 Nb8 34.Qc3 Qc7 35.Nd2 Rd8 36.f6 Re8
37.Rf1 Re6 38.Rf5 Qd8 39.Nf3 Nd7 40.Nxg5 Rxf6 41.Nxf7 Qe7 42.Nd6+ Kc7 43.Rxf6 Nxf6
44.Nf5 Qe6 45.Qa1 Nd7 46.Rxa6 Rxa6 47.Qxa6 Nxc5 48.Qa7+ Nb7 49.Nxh4 c5 50.Qa1 c4
51.Nf3 cxd3 52.cxd3 Nc5 53.Nxe5 Kb6 54.Qd4 Qe7 55.Qd5 Qc7 56.g5 Ka5 57.g6  1-0